[Event "RUS–CHN Summit Women 8th Rapid"]
[Site "St. Petersburg"]
[Date "2012.07.07"]
[Round "1"]
[White "Gunina, Valentina"]
[Black "Zhao, Xue"]
[Result "1-0"]
[WhiteElo "2516"]
[BlackElo "2545"]
[PlyCount "53"]
[EventDate "2012.??.??"]

1. d4 Nf6 2. c4 e6 3. Nf3 b6 4. g3 Ba6 5. b3 b5 6. cxb5 Bxb5 7. Bg2 d5 8. O-O
Nbd7 9. Bf4 Bd6 10. Nc3 Ba6 11. Qd2 O-O 12. Rac1 Bxf4 13. Qxf4 c5 14. dxc5 Nxc5
15. Ne5 Rc8 16. Rfd1 Qb6 17. Qd4 Rc7 18. b4 Na4 19. Qxb6 Nxb6 20. b5 Bb7 21.
Nxd5 Rxc1 22. Ne7+ Kh8 23. Rxc1 Bxg2 24. Kxg2 Ne8 25. a4 Nd6 26. a5 Na4 27. Rc6
1-0

[Event "RUS–CHN Summit Women 8th Rapid"]
[Site "St. Petersburg"]
[Date "2012.07.07"]
[Round "1"]
[White "Kosteniuk, Alexandra"]
[Black "Ju, Wenjun"]
[Result "1-0"]
[WhiteElo "2568"]
[BlackElo "2518"]
[PlyCount "99"]
[EventDate "2012.??.??"]

1. e4 c5 2. Nf3 d6 3. d4 cxd4 4. Nxd4 Nf6 5. Nc3 a6 6. Be2 e5 7. Nb3 Be7 8. O-O
O-O 9. Re1 Be6 10. Bf3 Nbd7 11. a4 Qb8 12. a5 Rc8 13. Be3 Bd8 14. Be2 Rxc3 15.
bxc3 Nxe4 16. Qd3 f5 17. c4 Be7 18. Bf3 Ndf6 19. Rab1 Qc7 20. Nd2 Nxd2 21. Qxd2
e4 22. Be2 d5 23. Bf4 Qc8 24. Rb6 Bc5 25. Rxe6 Qxe6 26. cxd5 Qd7 27. d6 Rd8 28.
Rd1 h6 29. h3 Kh7 30. Qc3 Rc8 31. Qe5 Ba7 32. c4 Re8 33. Qc3 Qc6 34. Be5 e3 35.
f3 Nd7 36. Bxg7 Re6 37. Bd4 Bxd4 38. Qxd4 Kg6 39. Qf4 Nf6 40. g4 fxg4 41. hxg4
Kg7 42. c5 Nd7 43. Qd4+ Kg6 44. Bd3+ Kg5 45. Qg7+ Kf4 46. Be2 Kg3 47. Qf7 Re5
48. Rd4 Kh3 49. g5 Kg3 50. Qh5 1-0

[Event "RUS–CHN Summit Women 8th Rapid"]
[Site "St. Petersburg"]
[Date "2012.07.07"]
[Round "1"]
[White "Huang, Qian"]
[Black "Pogonina, Natalija"]
[Result "0-1"]
[WhiteElo "2457"]
[BlackElo "2392"]
[PlyCount "78"]
[EventDate "2012.??.??"]

1. d4 Nf6 2. c4 c5 3. d5 b5 4. cxb5 a6 5. b6 e6 6. Nc3 exd5 7. Nxd5 Nxd5 8.
Qxd5 Nc6 9. Nf3 Rb8 10. e4 Be7 11. Bc4 O-O 12. O-O Rxb6 13. e5 Bb7 14. Qd2 Qc7
15. Re1 Nd8 16. Bd5 Rg6 17. Be4 Bxe4 18. Rxe4 Ne6 19. Qe2 Qc6 20. Rc4 Nd4 21.
Rxd4 cxd4 22. Bf4 Qd5 23. Qd3 Bc5 24. Bg3 Rb6 25. Ng5 g6 26. Ne4 Be7 27. b3 Rc8
28. h3 Rbc6 29. Bf4 f5 30. exf6 Bxf6 31. Re1 Bg7 32. Nd2 Rc1 33. Rxc1 Rxc1+ 34.
Kh2 Rc6 35. Bg3 Qf5 36. Qe2 Qe6 37. Qd3 Rc3 38. Qf1 d3 39. Bf4 Qe2 0-1

[Event "RUS–CHN Summit Women 8th Rapid"]
[Site "St. Petersburg"]
[Date "2012.07.07"]
[Round "1"]
[White "Shen, Yang"]
[Black "Girya, Olga"]
[Result "1-0"]
[WhiteElo "2425"]
[BlackElo "2392"]
[PlyCount "139"]
[EventDate "2012.??.??"]

1. d4 d5 2. Nf3 Nf6 3. c4 c6 4. Qb3 dxc4 5. Qxc4 Bf5 6. g3 e6 7. Bg2 Be7 8. O-O
O-O 9. Nc3 Nbd7 10. e3 Qc7 11. Qe2 Ne4 12. Nd2 Nxd2 13. Bxd2 Bg6 14. Rac1 Qb6
15. Na4 Qd8 16. Rfd1 Nf6 17. Be1 Ne4 18. f3 Nd6 19. e4 Nb5 20. d5 exd5 21. exd5
Qe8 22. dxc6 bxc6 23. Bf2 Nc7 24. Qc4 Nd5 25. f4 Rd8 26. a3 Bd6 27. Re1 Qd7 28.
Qxc6 Qxc6 29. Rxc6 Bb8 30. Bc5 Bc2 31. Bxf8 Bxa4 32. Rc5 Nf6 33. Be7 Re8 34.
Rcc1 Ng4 35. h3 Nh6 36. Bb4 Rd8 37. Ba5 Rf8 38. Bc7 Nf5 39. Kh2 h5 40. Re5 Nd4
41. Ra5 Nb3 42. Rxa4 Nxc1 43. Bxb8 Rxb8 44. b4 Rd8 45. Rxa7 Rd2 46. b5 Rb2 47.
a4 Ne2 48. Ra8+ Kh7 49. Be4+ g6 50. Kg2 Nxf4+ 51. Kf3 Nxh3 52. Bd5 Ng5+ 53. Ke3
Rb4 54. Bc6 Ne6 55. a5 Nd4 56. a6 Nxb5 57. Rb8 Rb3+ 58. Kf2 Rb2+ 59. Kg1 Rb1+
60. Kh2 Rb2+ 61. Kh3 Ra2 62. Bxb5 g5 63. g4 Ra3+ 64. Kh2 hxg4 65. Rb7 Kg6 66.
Bc4 f5 67. a7 g3+ 68. Kg2 Kh5 69. Bd5 f4 70. Re7 1-0

[Event "RUS–CHN Summit Women 8th Rapid"]
[Site "St. Petersburg"]
[Date "2012.07.07"]
[Round "1"]
[White "Ding, Yixin"]
[Black "Kovanova, Baira"]
[Result "1/2-1/2"]
[WhiteElo "2360"]
[BlackElo "2413"]
[PlyCount "85"]
[EventDate "2012.??.??"]

1. e4 e5 2. Nf3 Nc6 3. Bb5 a6 4. Ba4 Nf6 5. O-O Be7 6. Re1 b5 7. Bb3 d6 8. c3
O-O 9. h3 Na5 10. Bc2 c5 11. d4 Nd7 12. Nbd2 exd4 13. cxd4 Nc6 14. d5 Nce5 15.
Nxe5 Nxe5 16. f4 Ng6 17. Nf3 Bh4 18. Nxh4 Qxh4 19. f5 Ne5 20. Be3 Bd7 21. Bf2
Qf6 22. b3 Rfe8 23. Qh5 g6 24. Qh6 Qg7 25. Be3 f6 26. fxg6 Qxh6 27. Bxh6 hxg6
28. Rf1 Kh7 29. Bd2 Kg7 30. Rf2 b4 31. g4 g5 32. Kg2 Bb5 33. Kg3 Rh8 34. Rh1
Rae8 35. Rhh2 Nd3 36. Rf3 Ne5 37. Rf5 Bd7 38. Rff2 Rh4 39. Rfg2 Bb5 40. Rf2 Bd7
41. Rfg2 Bb5 42. Rf2 Bd7 43. Rfg2 1/2-1/2

[Event "RUS–CHN Summit Women 8th Rapid"]
[Site "St. Petersburg"]
[Date "2012.07.07"]
[Round "2"]
[White "Gunina, Valentina"]
[Black "Shen, Yang"]
[Result "1-0"]
[WhiteElo "2516"]
[BlackElo "2425"]
[PlyCount "91"]
[EventDate "2012.??.??"]

1. d4 d5 2. c4 c6 3. Nf3 Nf6 4. Nc3 dxc4 5. a4 Bf5 6. Ne5 Nbd7 7. Nxc4 Nb6 8.
Ne5 a5 9. g3 e6 10. Bg2 Bb4 11. O-O O-O 12. e3 h6 13. Qe2 Nfd7 14. e4 Nxe5 15.
dxe5 Bg6 16. Be3 Nd7 17. Rad1 Qe7 18. f4 Bc5 19. Bxc5 Qxc5+ 20. Kh1 Rad8 21.
Rd6 Qb6 22. Rfd1 Nc5 23. f5 Bh7 24. g4 Rde8 25. f6 Qb3 26. fxg7 Kxg7 27. Qf2
Nxa4 28. Qf6+ Kg8 29. Ne2 Qe3 30. Nf4 Bxe4 31. R6d4 Bxg2+ 32. Kxg2 Nxb2 33.
R1d2 Nc4 34. Nh5 Qg5 35. Qxg5+ hxg5 36. Nf6+ Kh8 37. Rxc4 Rd8 38. Rb2 Rd3 39.
Rxb7 Re3 40. Rxc6 Kg7 41. Rxe6 Rc8 42. Nh5+ Kg8 43. Rf6 Rc2+ 44. Kf1 Rec3 45.
Rb8+ Rc8 46. Ra6 1-0

[Event "RUS–CHN Summit Women 8th Rapid"]
[Site "St. Petersburg"]
[Date "2012.07.07"]
[Round "2"]
[White "Zhao, Xue"]
[Black "Kosteniuk, Alexandra"]
[Result "0-1"]
[WhiteElo "2545"]
[BlackElo "2568"]
[PlyCount "91"]
[EventDate "2012.??.??"]

1. Nf3 Nf6 2. c4 e6 3. g3 d5 4. Bg2 dxc4 5. Qa4+ c6 6. Qxc4 b5 7. Qc2 Bb7 8.
O-O Nbd7 9. a4 b4 10. d3 c5 11. a5 a6 12. Nbd2 Be7 13. Nc4 O-O 14. Bf4 Rc8 15.
e4 Bc6 16. Rfd1 Bb5 17. b3 Ne8 18. d4 cxd4 19. Rxd4 Bc5 20. Rd2 Qe7 21. e5 h6
22. Qd1 g5 23. Be3 Bxe3 24. Nxe3 Bc6 25. Ng4 h5 26. Rc1 Bxf3 27. Bxf3 Rxc1 28.
Nh6+ Kg7 29. Qxc1 Nxe5 30. Bg2 Kxh6 31. h4 Ng6 32. Rd4 Ng7 33. Rc4 Rd8 34. Rc6
Kh7 35. hxg5 Rd6 36. Rc4 Qd8 37. Qe3 Qxa5 38. Be4 Qa1+ 39. Kg2 Qd1 40. Rxb4 Nf5
41. Qc5 Rd7 42. Ra4 h4 43. Bxf5 exf5 44. Qxf5 hxg3 45. Qh3+ Kg8 46. Qxg3 0-1

[Event "RUS–CHN Summit Women 8th Rapid"]
[Site "St. Petersburg"]
[Date "2012.07.07"]
[Round "2"]
[White "Pogonina, Natalija"]
[Black "Ding, Yixin"]
[Result "1-0"]
[WhiteElo "2392"]
[BlackElo "2360"]
[PlyCount "76"]
[EventDate "2012.??.??"]

1. e4 b6 2. d4 Bb7 3. Nc3 e6 4. Nf3 Nf6 5. Bd3 Bb4 6. e5 Ne4 7. Bxe4 Bxe4 8.
O-O Bxc3 9. bxc3 O-O 10. Qe2 Bb7 11. Ba3 d6 12. Qe3 Qd7 13. Rfe1 Nc6 14. Ng5
Ne7 15. Qd3 Nf5 16. g4 h6 17. Ne4 Nh4 18. Qg3 Ng6 19. exd6 Qa4 20. c4 Bxe4 21.
Rxe4 Qxc2 22. Ree1 Qxc4 23. dxc7 Rfc8 24. Bd6 Qxd4 25. Rad1 Qc4 26. a3 e5 27.
Rc1 Qe6 28. Bxe5 Nxe5 29. Rxe5 Qd7 30. g5 hxg5 31. Rxg5 g6 32. h4 Qd2 33. Rc6
Qd1+ 34. Kh2 Qd7 35. Rc3 Kh7 36. h5 Rg8 37. Rc4 Rac8 38. Rh4 Kg7 1-0

[Event "RUS–CHN Summit Women 8th Rapid"]
[Site "St. Petersburg"]
[Date "2012.07.07"]
[Round "2"]
[White "Girya, Olga"]
[Black "Huang, Qian"]
[Result "1-0"]
[WhiteElo "2392"]
[BlackElo "2457"]
[PlyCount "68"]
[EventDate "2012.??.??"]

1. d4 Nf6 2. Nf3 g6 3. Bg5 Bg7 4. Nbd2 d6 5. c3 h6 6. Bh4 g5 7. Bg3 Nh5 8. e4
Nxg3 9. hxg3 c6 10. Bc4 d5 11. exd5 cxd5 12. Bd3 Nc6 13. Nf1 Be6 14. Ne3 Qd7
15. Qc2 Rc8 16. Qe2 a6 17. Nd2 a5 18. a4 Bf6 19. g4 Qd6 20. Ndf1 Bxd4 21. cxd4
Nxd4 22. Bb5+ Kf8 23. Qd3 Qb4+ 24. Nd2 Bxg4 25. Nxd5 Qxb2 26. O-O Bf5 27. Qe3
e6 28. Qe5 Rg8 29. Nf6 Rg6 30. Nc4 Ne2+ 31. Kh1 Qxe5 32. Nxe5 Rxf6 33. Nd7+ Ke7
34. Nxf6 Nc3 1-0

[Event "RUS–CHN Summit Women 8th Rapid"]
[Site "St. Petersburg"]
[Date "2012.07.07"]
[Round "2"]
[White "Ju, Wenjun"]
[Black "Kovanova, Baira"]
[Result "1-0"]
[WhiteElo "2518"]
[BlackElo "2413"]
[PlyCount "89"]
[EventDate "2012.??.??"]

1. d4 Nf6 2. c4 e6 3. g3 Bb4+ 4. Bd2 Bxd2+ 5. Nxd2 d6 6. Bg2 c5 7. Ngf3 Nc6 8.
e3 cxd4 9. exd4 Qb6 10. Nb3 a5 11. O-O a4 12. c5 Qb4 13. Nbd2 Nxd4 14. Nxd4
Qxd4 15. cxd6 Qxd6 16. Nc4 Qxd1 17. Rfxd1 O-O 18. Nb6 Rb8 19. Rac1 g6 20. Nxa4
e5 21. Nb6 Be6 22. a3 Rfd8 23. a4 e4 24. a5 Bg4 25. Re1 Rd2 26. Nc4 Rd4 27. Ne5
Be6 28. f3 Ra4 29. Ra1 Rb4 30. fxe4 Rxb2 31. Nd3 Rd2 32. Nc5 Bg4 33. e5 Nd5 34.
Ne4 Rc2 35. Rec1 Rxc1+ 36. Rxc1 Kg7 37. Nd6 Be6 38. Rc5 b6 39. Rb5 Ne3 40. Rxb6
Rd8 41. Bf3 Ng4 42. Bxg4 Bxg4 43. a6 Bf3 44. a7 Rd7 45. Nb7 1-0

[Event "RUS–CHN Summit Women 8th Rapid"]
[Site "St. Petersburg"]
[Date "2012.07.07"]
[Round "3"]
[White "Girya, Olga"]
[Black "Ju, Wenjun"]
[Result "1/2-1/2"]
[WhiteElo "2392"]
[BlackElo "2518"]
[PlyCount "174"]
[EventDate "2012.??.??"]

1. d4 Nf6 2. Nf3 g6 3. Bg5 Bg7 4. Nbd2 O-O 5. c3 d6 6. e4 c5 7. dxc5 dxc5 8.
Bc4 Nc6 9. O-O h6 10. Bh4 b6 11. Qe2 Nh5 12. Qe3 Qc7 13. Rfd1 Bg4 14. Re1 Rad8
15. e5 g5 16. Bxg5 hxg5 17. Qxg5 Rxd2 18. Nxd2 Nxe5 19. h3 Nxc4 20. Nxc4 Be6
21. Rxe6 fxe6 22. Qxh5 b5 23. Ne3 b4 24. cxb4 Qf4 25. Rf1 cxb4 26. b3 Rd8 27.
Qg6 Qf6 28. Qxf6 exf6 29. Rd1 Rc8 30. Nc4 Rc7 31. Rd8+ Kf7 32. Kf1 f5 33. Ke2
Ke7 34. Rb8 Bc3 35. g4 Kf6 36. Kf3 Rd7 37. Rf8+ Kg6 38. Ra8 fxg4+ 39. Kxg4 Kf6
40. Rf8+ Kg7 41. Rc8 Kf6 42. Rf8+ Kg7 43. Rf4 Rd1 44. Re4 Kf6 45. h4 Rg1+ 46.
Kh5 Rg8 47. Rf4+ Ke7 48. Rg4 Rh8+ 49. Kg5 Bf6+ 50. Kf4 Rxh4 51. Rxh4 Bxh4 52.
f3 Bf6 53. Ke4 Kd7 54. Ne3 Kd6 55. Ng4 Bg7 56. Nf2 Bh8 57. Nd3 Bc3 58. Nf4 Be5
59. Ne2 Bg7 60. Ng3 Be5 61. Nf1 Bg7 62. Ne3 Bf6 63. Nc4+ Kc5 64. Ne5 Kd6 65.
Nf7+ Ke7 66. Ne5 Kd6 67. Nd3 Bc3 68. Nf4 Be5 69. Ne2 Bg7 70. f4 Bf6 71. Ng3 Bc3
72. Ne2 Bf6 73. Nd4 a6 74. Nc2 Kc5 75. Ne3 Bg7 76. Ng4 Kd6 77. Nf2 Bf6 78. Nh3
Bg7 79. Ng5 Bf6 80. Nf7+ Ke7 81. Ne5 Kd6 82. Nc4+ Kc5 83. Kd3 Bg7 84. Ne3 Bf6
85. Nc2 Bg7 86. Ke4 Bc3 87. Ne3 Bf6 1/2-1/2

[Event "RUS–CHN Summit Women 8th Rapid"]
[Site "St. Petersburg"]
[Date "2012.07.07"]
[Round "3"]
[White "Pogonina, Natalija"]
[Black "Zhao, Xue"]
[Result "0-1"]
[WhiteElo "2392"]
[BlackElo "2545"]
[PlyCount "70"]
[EventDate "2012.??.??"]

1. e4 e5 2. Nf3 Nc6 3. Bb5 Nf6 4. d3 Bc5 5. c3 O-O 6. O-O Re8 7. Bg5 h6 8. Bh4
Be7 9. Bxc6 dxc6 10. Nxe5 Nxe4 11. Bxe7 Qxe7 12. Nxc6 bxc6 13. dxe4 Qxe4 14.
Nd2 Qg6 15. Qf3 Bg4 16. Qg3 Re2 17. Nb3 Rxb2 18. Qxc7 Bf5 19. Nc5 Rb5 20. Nb3
Bd3 21. Rfe1 Rg5 22. g3 a5 23. Rad1 Rd5 24. Nd4 Be4 25. f3 Bc2 26. Nxc2 Qxc2
27. Qxc6 Rxd1 28. Qxa8+ Kh7 29. Rxd1 Qxd1+ 30. Kg2 Qe2+ 31. Kg1 Qxa2 32. Qe4+
g6 33. c4 a4 34. Qd5 Qb1+ 35. Kg2 Qb2+ 0-1

[Event "RUS–CHN Summit Women 8th Rapid"]
[Site "St. Petersburg"]
[Date "2012.07.07"]
[Round "3"]
[White "Shen, Yang"]
[Black "Kosteniuk, Alexandra"]
[Result "1-0"]
[WhiteElo "2425"]
[BlackElo "2568"]
[PlyCount "77"]
[EventDate "2012.??.??"]

1. d4 Nf6 2. c4 e6 3. Nf3 b6 4. g3 Bb4+ 5. Bd2 Bxd2+ 6. Qxd2 Ba6 7. b3 c6 8.
Bg2 d5 9. O-O Nbd7 10. Rc1 O-O 11. a4 Qe7 12. Na3 Bb7 13. a5 c5 14. Nb5 dxc4
15. bxc4 cxd4 16. Nfxd4 Bxg2 17. Kxg2 Nc5 18. f3 e5 19. Nf5 Qd8 20. Qg5 Ne6 21.
Qe3 e4 22. fxe4 Ng4 23. Qc3 Qg5 24. h4 Qh5 25. Nc7 Nf6 26. Nxa8 Qxe2+ 27. Kg1
Nxe4 28. Qe3 Qg4 29. Rf1 Rd8 30. axb6 Nd2 31. Rad1 axb6 32. Rxd2 Rxa8 33. Qf3
Qxf3 34. Rxf3 g6 35. Nh6+ Kg7 36. Nxf7 Ra1+ 37. Kg2 Nc5 38. Ne5 Re1 39. Rf7+
1-0

[Event "RUS–CHN Summit Women 8th Rapid"]
[Site "St. Petersburg"]
[Date "2012.07.07"]
[Round "4"]
[White "Huang, Qian"]
[Black "Gunina, Valentina"]
[Result "0-1"]
[WhiteElo "2457"]
[BlackElo "2516"]
[PlyCount "120"]
[EventDate "2012.??.??"]

1. d4 d5 2. Nf3 e6 3. c3 c5 4. Bf4 Nf6 5. e3 Be7 6. Nbd2 O-O 7. Bd3 b6 8. h3
Ba6 9. Bxa6 Nxa6 10. Ne5 Qc8 11. O-O Qb7 12. Bh2 Rac8 13. Qe2 b5 14. f4 b4 15.
f5 exf5 16. Rxf5 cxd4 17. cxd4 Rc2 18. Qd1 Qc8 19. Rf2 Rxb2 20. Rc1 Qe8 21. Ne4
Rxf2 22. Nxf2 Nb8 23. Qd3 Bd6 24. Bf4 Qe7 25. Qb5 Rd8 26. Rc2 h6 27. Rc1 a6 28.
Qa5 Qe8 29. Nfd3 Qf8 30. Nf2 Rc8 31. Rxc8 Qxc8 32. Nfd3 Qf8 33. Nc5 g5 34. Bh2
Qe7 35. Qxb4 Ne4 36. Qb2 Nxc5 37. dxc5 Bxe5 38. Bxe5 Nc6 39. Bd4 Qe4 40. Qf2 f5
41. Qb2 f4 42. Qd2 Kf7 43. Kf2 fxe3+ 44. Bxe3 d4 45. Bxg5 hxg5 46. Qxg5 Ne5 47.
Qh5+ Ke7 48. Qg5+ Kd7 49. Qg7+ Kc6 50. Qf6+ Kxc5 51. Qxa6 Qe3+ 52. Kf1 Nc4 53.
Qa7+ Kc6 54. Qa4+ Kc5 55. Qa7+ Kc6 56. Qa4+ Kc5 57. Qa7+ Kb4 58. Qb7+ Kc3 59.
g4 Qxh3+ 60. Kf2 Qh2+ 0-1

[Event "RUS–CHN Summit Women 8th Rapid"]
[Site "St. Petersburg"]
[Date "2012.07.07"]
[Round "4"]
[White "Kosteniuk, Alexandra"]
[Black "Ding, Yixin"]
[Result "1/2-1/2"]
[WhiteElo "2568"]
[BlackElo "2360"]
[PlyCount "152"]
[EventDate "2012.??.??"]

1. e4 c5 2. Nf3 d6 3. d4 cxd4 4. Nxd4 Nf6 5. Nc3 a6 6. Be2 e5 7. Nb3 Be7 8. O-O
O-O 9. Re1 Be6 10. Bf3 Nbd7 11. a4 Re8 12. a5 Rc8 13. Be3 Qc7 14. h3 h6 15. Re2
Bc4 16. Rd2 Bf8 17. Nc1 b5 18. axb6 Nxb6 19. b3 Bb5 20. Nxb5 axb5 21. Qe2 b4
22. Ra6 Rb8 23. Na2 d5 24. exd5 e4 25. Bg4 Nbxd5 26. Ra7 Rb7 27. Rxb7 Qxb7 28.
Bd4 Ra8 29. Nc1 Nc3 30. Bxc3 bxc3 31. Rd1 Ra1 32. Qe1 Qc7 33. Be2 Bc5 34. Bc4
Qf4 35. b4 Bb6 36. Be2 Rxc1 37. Rxc1 Bxf2+ 38. Qxf2 Qxc1+ 39. Bf1 e3 40. Qf3
Qxc2 41. Qxe3 Qb2 42. Qd4 Qd2 43. Bd3 g6 44. Qc4 Qe1+ 45. Kh2 Qe5+ 46. Kg1 Nd5
47. b5 Nf4 48. Be4 Qf6 49. Kh2 g5 50. b6 Qxb6 51. Qxc3 Qd6 52. g3 Ne2 53. Qe3
Nd4 54. Bd3 Kg7 55. Qe4 f5 56. Qb7+ Kg6 57. Bc4 Ne6 58. Qc8 Qd2+ 59. Kh1 Qe1+
60. Kg2 Ng7 61. Qc6+ Kh7 62. Qd5 Qe8 63. Bd3 Qf8 64. g4 Qb8 65. Qd4 Qb7+ 66.
Kf2 Qb8 67. gxf5 Qh2+ 68. Ke1 Qg3+ 69. Kd2 Qg2+ 70. Kc1 Qc6+ 71. Bc2 Nxf5 72.
Qd3 Qh1+ 73. Kb2 Qb7+ 74. Kc1 Qh1+ 75. Kb2 Qb7+ 76. Kc1 Qh1+ 1/2-1/2

[Event "RUS–CHN Summit Women 8th Rapid"]
[Site "St. Petersburg"]
[Date "2012.07.07"]
[Round "4"]
[White "Ju, Wenjun"]
[Black "Pogonina, Natalija"]
[Result "1-0"]
[WhiteElo "2518"]
[BlackElo "2392"]
[PlyCount "79"]
[EventDate "2012.??.??"]

1. Nf3 c5 2. g3 Nc6 3. Bg2 g6 4. c3 Bg7 5. d4 cxd4 6. cxd4 d5 7. Nc3 Nf6 8. Ne5
O-O 9. O-O e6 10. Nxc6 bxc6 11. Bf4 Nd7 12. Qd2 e5 13. dxe5 Nxe5 14. b3 Ba6 15.
Na4 Nd7 16. Rac1 Rc8 17. Rfe1 Bb5 18. Nc3 Ba6 19. Na4 Bb5 20. Nc5 Nxc5 21. Rxc5
Qe7 22. Rc2 Rfe8 23. Rec1 Qb7 24. Bf3 Ba6 25. Bg4 f5 26. Bf3 Kh8 27. h4 Re6 28.
Bh6 Bxh6 29. Qxh6 Rce8 30. h5 gxh5 31. Qxh5 f4 32. Rxc6 R6e7 33. Rc7 Qb4 34.
Qg5 Rxc7 35. Rxc7 Qf8 36. Qxd5 Re7 37. Qd4+ Rg7 38. Rxg7 Qxg7 39. Qd8+ Qg8 40.
Qf6+ 1-0

[Event "RUS–CHN Summit Women 8th Rapid"]
[Site "St. Petersburg"]
[Date "2012.07.07"]
[Round "4"]
[White "Zhao, Xue"]
[Black "Girya, Olga"]
[Result "1/2-1/2"]
[WhiteElo "2545"]
[BlackElo "2392"]
[PlyCount "161"]
[EventDate "2012.??.??"]

1. Nf3 d5 2. c4 d4 3. e3 Nc6 4. b4 dxe3 5. fxe3 Nxb4 6. d4 c5 7. a3 Na6 8. Nc3
g6 9. Be2 Bg7 10. O-O Nh6 11. Qa4+ Bd7 12. Qb3 cxd4 13. exd4 Nf5 14. Rd1 Bc6
15. d5 Qb6+ 16. Qxb6 axb6 17. dxc6 Bxc3 18. cxb7 Rb8 19. Rb1 Rxb7 20. g4 Nd6
21. Be3 O-O 22. Rxb6 Rxb6 23. Bxb6 Rc8 24. a4 Nc5 25. a5 Ndb7 26. a6 Nxa6 27.
Rd7 Nd6 28. Rxe7 Nxc4 29. Bf2 Nb4 30. Rb7 Nd6 31. Rb6 Ne4 32. Bg3 Nxg3 33. hxg3
Nd5 34. Rb5 Nf6 35. g5 Ne4 36. Kg2 Nd6 37. Rb3 Nf5 38. Bd3 Ne3+ 39. Kf2 Nd5 40.
Ba6 Rc7 41. Rb8+ Kg7 42. Rc8 Rxc8 43. Bxc8 Bb4 44. Kg2 Be7 45. Kh3 Ne3 46. Bd7
Kf8 47. Bc6 Bd8 48. Ba4 Nf5 49. Bc2 Nd6 50. Kg4 Ke7 51. Nd2 Bc7 52. Kf3 Ke6 53.
Ne4 Nb5 54. Kg4 Nd4 55. Bd3 Ke5 56. Nd2 Ne6 57. Bb1 Kd4 58. Ne4 h5+ 59. Kh4 Bd8
60. g4 hxg4 61. Kxg4 Ke3 62. Bc2 Be7 63. Bb1 Kd4 64. Bc2 Ke5 65. Bb1 Nxg5 66.
Nxg5 f5+ 67. Kf3 Bxg5 68. Bd3 Bf4 69. Kg2 g5 70. Bc2 g4 71. Bd3 Bd2 72. Kg3
Be1+ 73. Kg2 Kf4 74. Bc2 Bc3 75. Bd3 Kg5 76. Bc2 f4 77. Bd1 Bd4 78. Be2 Kf5 79.
Bd1 Bg1 80. Be2 Bh2 81. Bd1 1/2-1/2

[Event "RUS–CHN Summit Women 8th Rapid"]
[Site "St. Petersburg"]
[Date "2012.07.07"]
[Round "4"]
[White "Kovanova, Baira"]
[Black "Shen, Yang"]
[Result "0-1"]
[WhiteElo "2413"]
[BlackElo "2425"]
[PlyCount "62"]
[EventDate "2012.??.??"]

1. e4 e5 2. Nf3 Nc6 3. Bc4 Bc5 4. c3 Nf6 5. d3 d6 6. b4 Bb6 7. a4 a6 8. a5 Ba7
9. O-O O-O 10. Nbd2 Ne7 11. Bb3 Ng6 12. h3 h6 13. Nc4 Re8 14. Be3 Be6 15. Bxa7
Rxa7 16. Re1 Ra8 17. Ba4 Bd7 18. Ne3 Nf4 19. Bc2 Qe7 20. d4 Rad8 21. Nf5 Qf8
22. Ng3 g6 23. Qd2 Kh7 24. Rad1 Bc8 25. Qe3 Qe7 26. Bb3 Kg7 27. Rd2 Bxh3 28.
gxh3 Nxh3+ 29. Kf1 Ng4 30. Qd3 Qf6 31. Ng1 Nf4 0-1

[Event "RUS–CHN Summit Women 8th Rapid"]
[Site "St. Petersburg"]
[Date "2012.07.07"]
[Round "5"]
[White "Kosteniuk, Alexandra"]
[Black "Huang, Qian"]
[Result "1-0"]
[WhiteElo "2568"]
[BlackElo "2457"]
[PlyCount "119"]
[EventDate "2012.??.??"]

1. e4 c5 2. Nf3 d6 3. d4 cxd4 4. Nxd4 Nf6 5. Nc3 a6 6. Be2 e5 7. Nb3 Be7 8. O-O
O-O 9. Re1 Be6 10. Bf3 Nbd7 11. a4 Rc8 12. a5 Qc7 13. Be3 h6 14. Nd2 Rfe8 15.
Nf1 Bf8 16. h3 Kh7 17. g4 b5 18. axb6 Nxb6 19. Ng3 Qb7 20. Bc1 Red8 21. Qd3 Bc4
22. Qe3 d5 23. exd5 Nbxd5 24. Nxd5 Bxd5 25. Bxd5 Nxd5 26. Qe4+ f5 27. Nxf5 Qb4
28. Nd4+ Kh8 29. Ne6 Qxe4 30. Rxe4 Nf6 31. Re1 Rd6 32. Nxf8 Rxf8 33. b3 Rc8 34.
c4 Rb8 35. Re3 Rdb6 36. Ra3 Nd7 37. Bd2 Kg8 38. b4 Kf7 39. Rad3 R8b7 40. Rd5
Re6 41. c5 e4 42. Bc3 Rc7 43. Rf5+ Kg6 44. f3 a5 45. Rxe4 Rxe4 46. fxe4 axb4
47. Bxb4 Nb8 48. Rd5 Nc6 49. Bc3 Kf7 50. Rf5+ Ke6 51. Kf2 Ra7 52. Rd5 Ne7 53.
Rd6+ Kf7 54. Ke3 Ra4 55. Kd3 g6 56. h4 h5 57. g5 Ke8 58. Bf6 Ra3+ 59. Kd4 Ra4+
60. Ke3 1-0

[Event "RUS–CHN Summit Women 8th Rapid"]
[Site "St. Petersburg"]
[Date "2012.07.07"]
[Round "5"]
[White "Shen, Yang"]
[Black "Pogonina, Natalija"]
[Result "0-1"]
[WhiteElo "2425"]
[BlackElo "2392"]
[PlyCount "84"]
[EventDate "2012.??.??"]

1. d4 Nf6 2. c4 c5 3. d5 b5 4. cxb5 a6 5. bxa6 g6 6. Nc3 Bxa6 7. g3 d6 8. Nf3
Nbd7 9. e4 Bxf1 10. Kxf1 Bg7 11. Kg2 O-O 12. a4 Ng4 13. Qe2 Qa5 14. Bd2 Qa6 15.
Rhe1 Rfb8 16. h3 Nge5 17. Nxe5 Bxe5 18. Rab1 Qxe2 19. Rxe2 Bxc3 20. Bxc3 Rxa4
21. h4 f6 22. f4 Rb3 23. Rd1 Ra2 24. Kh3 Rxc3 25. e5 fxe5 26. fxe5 Rf3 27. exd6
exd6 28. Re8+ Rf8 29. Re6 Rf6 30. b4 cxb4 31. Re8+ Rf8 32. Re6 Rf6 33. Re8+ Nf8
34. Rb1 Rff2 35. h5 gxh5 36. Kh4 Rf5 37. g4 hxg4 38. Kxg4 Raf2 39. Rxb4 Rxd5
40. Kg3 Rf7 41. Rbe4 Rg5+ 42. Kh4 Rg6 0-1

[Event "RUS–CHN Summit Women 8th Rapid"]
[Site "St. Petersburg"]
[Date "2012.07.07"]
[Round "5"]
[White "Girya, Olga"]
[Black "Ding, Yixin"]
[Result "0-1"]
[WhiteElo "2392"]
[BlackElo "2360"]
[PlyCount "104"]
[EventDate "2012.??.??"]

1. d4 Nf6 2. Nf3 g6 3. Bg5 Bg7 4. Nbd2 d5 5. Bxf6 Bxf6 6. e4 dxe4 7. Nxe4 Bg7
8. c3 O-O 9. Bc4 b6 10. O-O Bb7 11. Re1 Bd5 12. Bxd5 Qxd5 13. Qb3 e6 14. c4 Qa5
15. Rad1 Nd7 16. Nc3 c6 17. Qc2 Rfd8 18. a3 Rac8 19. Ne4 Nf6 20. Nxf6+ Bxf6 21.
Re3 c5 22. d5 exd5 23. cxd5 Qb5 24. d6 Qxb2 25. Qa4 Ra8 26. d7 b5 27. Qe4 Kg7
28. g4 h6 29. h4 b4 30. g5 Bc3 31. axb4 Qxb4 32. gxh6+ Kxh6 33. Qe7 Kg7 34. h5
Qg4+ 35. Kf1 Bd4 36. h6+ Kxh6 37. Ke2 Rxd7 38. Qe4 Qxe4 39. Rxe4 Rad8 40. Rb1
a5 41. Rb5 Ra8 42. Nxd4 cxd4 43. Kd3 a4 44. Re2 Rc8 45. Ra2 Rc3+ 46. Kd2 Rf3
47. Ke2 Rf4 48. Ra5 d3+ 49. Ke3 d2 50. Rxd2 Rxd2 51. Kxf4 Rxf2+ 52. Kg3 Ra2 0-1

[Event "RUS–CHN Summit Women 8th Rapid"]
[Site "St. Petersburg"]
[Date "2012.07.07"]
[Round "5"]
[White "Zhao, Xue"]
[Black "Kovanova, Baira"]
[Result "1-0"]
[WhiteElo "2545"]
[BlackElo "2413"]
[PlyCount "81"]
[EventDate "2012.??.??"]

1. Nf3 Nf6 2. c4 c5 3. Nc3 Nc6 4. e3 e6 5. d4 d5 6. a3 a6 7. cxd5 exd5 8. Be2
Be7 9. dxc5 Bxc5 10. O-O O-O 11. Qc2 Bd6 12. Rd1 Be6 13. Bd2 Rc8 14. Be1 Bb8
15. Qa4 Qc7 16. Qh4 h6 17. Rac1 Rfd8 18. Na4 Ne4 19. Nd4 Qd6 20. Nxc6 Rxc6 21.
Rxc6 bxc6 22. Bb4 Qc7 23. Rc1 Kh7 24. Bd3 Bf5 25. Nc5 g5 26. Qh5 Bg6 27. Qh3 a5
28. Bxe4 dxe4 29. Bc3 Rd5 30. Bd4 Bf5 31. g4 Bc8 32. Nxe4 Rxd4 33. exd4 Qf4 34.
Rxc6 Be6 35. Qg2 Kg7 36. Rxe6 fxe6 37. Nc5 Qc1+ 38. Qf1 Qxb2 39. Qa6 Qxa3 40.
Qb7+ Kf6 41. Qxb8 1-0

[Event "RUS–CHN Summit Women 8th Rapid"]
[Site "St. Petersburg"]
[Date "2012.07.08"]
[Round "6"]
[White "Zhao, Xue"]
[Black "Gunina, Valentina"]
[Result "1/2-1/2"]
[WhiteElo "2545"]
[BlackElo "2516"]
[PlyCount "124"]
[EventDate "2012.??.??"]

1. d4 d5 2. c4 e6 3. Nf3 c5 4. cxd5 exd5 5. Nc3 Nc6 6. g3 Nf6 7. Bg2 Be7 8. O-O
O-O 9. Bg5 cxd4 10. Nxd4 h6 11. Be3 Re8 12. Qc2 Bf8 13. Rad1 Bg4 14. h3 Bh5 15.
Nf5 Bg6 16. g4 Rc8 17. Nxd5 Nxd5 18. Rxd5 Qf6 19. Qb3 b6 20. Rfd1 Na5 21. Qb5
Nc4 22. Bd4 Qe6 23. e3 Kh7 24. Bc3 f6 25. Nd4 Qf7 26. Rd7 a6 27. Qa4 b5 28.
Rxf7 bxa4 29. Ra7 a3 30. bxa3 Nxe3 31. fxe3 Rxc3 32. Rxa6 Rexe3 33. Ne6 Bc5 34.
Nxc5 Rxc5 35. Ra7 Bc2 36. Rdd7 Rg5 37. Kf2 Ree5 38. Bf3 Be4 39. Be2 h5 40. h4
Rg6 41. g5 fxg5 42. Bxh5 Rf6+ 43. Kg1 Kh6 44. Be2 gxh4 45. Rxg7 Bg6 46. Rge7
Rg5+ 47. Kh1 Rf4 48. Ra6 Rg3 49. Ree6 Kg7 50. Ra7+ Bf7 51. Bh5 Rf1+ 52. Kh2
Rf2+ 53. Kh1 Rf1+ 54. Kh2 Rf2+ 55. Kh1 Rxa3 56. Ree7 Rxa7 57. Rxa7 Rf5 58. Bxf7
Rxf7 59. Rxf7+ Kxf7 60. Kg2 Ke6 61. Kh3 Kd5 62. Kxh4 Kc4 1/2-1/2